Pleito de don Antonio Treviño contra don Marcos Vallecillo, por el pago de 3000 reales

Detalles Bibliográficos
Otros Autores: Antonio Treviño, Marcos de Vallecillo
Formato: Libro
Publicado: s.l., s.f.
Materias:
Colección:Banco de datos
Acervo:Biblioteca Palafoxiana. Colección de Manuscritos
Descripción Física:1 f. ; 32x 21 cm.
Tema general:Civil
LEADER 00454nam a22001570004500
035 |a 1131 
245 1 0 |a Pleito de don Antonio Treviño contra don Marcos Vallecillo, por el pago de 3000 reales 
260 |a s.l., s.f. 
300 |a 1 f. ; 32x 21 cm. 
650 1 0 |a Civil 
700 1 |a Antonio Treviño 
700 1 |a Marcos de Vallecillo 
949 |a 19948/042 
942 |c PALAMANU 
943 |g Biblioteca Palafoxiana. Colección de Manuscritos 
999 |c 1069076  |d 1069076